| Record ID | ia:motherofstorms00barn |
| Source | Internet Archive |
| Download MARC XML | https://archive.org/download/motherofstorms00barn/motherofstorms00barn_marc.xml |
| Download MARC binary | https://www.archive.org/download/motherofstorms00barn/motherofstorms00barn_meta.mrc |
LEADER: 01180cam 2200337Ia 4500
001 ocm32522210
003 OCoLC
005 20100303125727.0
008 950523t19951994nyu 000 1 eng d
010 $z 94000607
040 $aJDP$cJDP$dUIU$dJNA$dOCL$dBAKER$dOCLCG$dYDXCP$dEYM
020 $a0812533453 (pbk.)
020 $a9780812533453 (pbk.)
035 $a(OCoLC)32522210
050 14 $aPS3552.A677$bM67 1995a
082 04 $a813$bB2625m, 1995$220
100 1 $aBarnes, John,$d1957-
245 10 $aMother of storms /$cJohn Barnes.
250 $a1st mass market ed.
260 $aNew York :$bTOR,$c1995, c1994.
300 $a560 p. ;$c18 cm.
500 $a"A Tom Doherty Associates book."
500 $aFiction.
650 0 $aHurricanes$vFiction.
655 7 $aScience fiction.$2gsafd
938 $aBaker & Taylor$bBKTY$c6.99$d5.59$i0812533453$n0002646738$sactive
938 $aYBP Library Services$bYANK$n717810
952 $a32522210$zJDP$bMETROPOLITAN LIBR SYST CLUSTER$hFull OCLC member$iLCC$kDDC$u20081225
952 $a239442796$zHLS$bHARVARD UNIV, HARVARD COL LIBR$hFull batch$iLCC$u20090627
994 $aZ0$bPMR
948 $hNO HOLDINGS IN PMR - 67 OTHER HOLDINGS